El poema envenenado: Tentativas sobre estética y poética

Saved in:
Bibliografiske detaljer
Hovedforfatter: Santamaría, Alberto (Author)
Format: Bog
Sprog:spansk
Udgivet: Valencia Pre-textos 2008
Valencia Fundación Amado Alonso 2008
Fag:
Tags: Tilføj Tag
Ingen Tags, Vær først til at tagge denne postø!

MARC

LEADER 00000nam a2200000 a 4500
001 UCH4677
003 CL-VaPUC
008 090827e20080000sp |||||||||||||||||spa|d
020 |a 9788481918892 
082 0 4 |a 841.9  |b SAN  |2 21 
100 0 |a Santamaría, Alberto  |e author  |9 540349 
245 1 3 |a El poema envenenado: Tentativas sobre estética y poética 
300 |a 272 p 
942 |c BK 
945 |d 20090827 00:00:00  |a dcastane 
260 |a Valencia  |b Pre-textos  |c 2008 
260 |a Valencia  |b Fundación Amado Alonso  |c 2008 
650 0 |a Poética  |9 266624 
650 0 |a Literatura  |9 259151 
650 0 |a Poesía   |9 265825 
650 0 |a Historia y crítica   |9 257407 
650 0 |a Crítica e interpretación   |9 255042 
583 |a last modification  |c 20171205 12:28:21  |k Rodrigo Vera 
999 |c 335948  |d 335946 
952 |0 0  |1 0  |4 0  |6 841_900000000000000_SAN_2008_2008  |7 0  |8 A  |9 426807  |a BIBEDU  |b BIBEDU  |d 2019-11-22  |i 4593855  |l 1  |o 841.9 SAN 2008 2008  |p 4593855  |r 2022-06-16  |s 2022-06-16  |w 2019-11-22  |y BK  |k LIT